LEADER 00564nab a2200145 i 4500 001 000000274782 003 CaOOAMICUS 005 20110218000000.0 008 110218n xx uu u0 0und r 013 $a23595 040 $aSeMil$bita 245 10$a[SENZA TITOLO]. - [30] c. - In copertina :$bServizi disponibili in rete. 500 $a16 febbraio 2011 [N. 1895]. 773 0 $t[2011.$dRoma : Societā per l'Informazione Religiosa (SIR), stampa 2011.$w()196155 996 $6245$a[SENZA TITOLO]. - [30] c. - In copertina :$bServizi disponibili in rete.$9(OLS)http://semarc/title/361115 LEADER 00985nam a2200241 i 4500 001 000000118790 003 CaOOAMICUS 005 20031008000000.0 008 031008s1991 it u000 u ita u 013 $a91483 040 $aSeMil$bita 100 1 $aFranceschini, Ezio,$d<1906-1983>.$0(OLS)http://semarc/name/17386 245 10$aDocumenti per la storia dell'Istituto /$cEzio Franceschini. 260 $aRoma :$b[s.n.],$c1991. 300 $aXIV, 248 p. :$b[1] ritratto ;$c22 cm. 500 $aA pič del front. : pro manuscripto. - Fondo Card. C.M. Martini. 650 4$aMissionari della Regalitā di Cristo - Storia.$0(OLS)http://semarc/subject/22185 850 $aSeMil 852 $aSeMil$W1$xVenegono$y1$m3F IV 750$j243618$B74056$CSeMilBibl$Z2$F88080 $81 941 1 $a4 961 $aOmaggio: Martini Card. Carlo Maria 996 $6245$aDocumenti per la storia dell'Istituto$9(OLS)http://semarc/title/174513 996 $6260$aRoma :$b[s.n.]$9(OLS)http://semarc/publisher/29738